Discursos escogidos

Tallennettuna:
Bibliografiset tiedot
Päätekijä: Bachelet Jeria, Michelle (Tekijä)
Aineistotyyppi: Kirja
Kieli:espanja
Julkaistu: Santiago Secretaría de Comunicaciones 2016
Painos:1a. ed
Aiheet:
Tagit: Lisää tagi
Ei tageja, Lisää ensimmäinen tagi!

MARC

LEADER 00000cam a2200000 a 4500
001 UCC1521
003 CL-VaPUC
008 171104e20160000cl |||||||||||||||||spa|d
082 0 4 |a 351.003  |b BAC  |2 21 
100 |a Bachelet Jeria, Michelle  |e author  |9 521059 
245 1 0 |a Discursos escogidos 
250 |a 1a. ed 
300 |a 494 p 
942 |c BK 
945 |d 20171104 20:09:00  |a dcastane 
260 |a Santiago  |b Secretaría de Comunicaciones  |c 2016 
650 0 |a Política y gobierno  |9 255151 
650 0 |a Discursos políticos  |9 373524 
583 |a last modification  |c 20171104 20:09:00  |k Rodrigo Vera 
999 |c 369986  |d 369984 
952 |0 0  |1 0  |3 erb  |4 0  |6 351_003000000000000_BAC_2016  |7 0  |8 A  |9 486227  |a BIBHIS  |b BIBHIS  |i 5433878  |o 351.003 BAC 2016  |p 5433878  |r 2025-01-20  |w 2019-11-24  |y BK  |z Catalogado en:20171104  |k HIS